|
|
|
|
| LEADER |
00000nam0a2200000 4500 |
| 001 |
284208 |
| 005 |
20231101235655.0 |
| 020 |
|
|
|a RU
|b 85-10894
|
| 035 |
|
|
|a (RuTPU)RU\TPU\book\308348
|
| 090 |
|
|
|a 284208
|
| 100 |
|
|
|a 20150212d1984 k y0rusy5003 ca
|
| 101 |
0 |
|
|a rus
|
| 102 |
|
|
|a UA
|
| 105 |
|
|
|a a z 001zy
|
| 200 |
1 |
|
|a Динамические характеристики механических систем
|e сборник научных трудов
|f Академия наук Украинской ССР (АН УССР), Институт технической механики ; под ред. В. Ф. Ушкалова
|
| 210 |
|
|
|a Киев
|c Наукова думка
|d 1984
|
| 215 |
|
|
|a 160 с.
|c ил.
|
| 320 |
|
|
|a Библиография в конце статей
|
| 606 |
|
|
|a Механические системы
|x Динамика
|2 stltpush
|3 (RuTPU)RU\TPU\subj\67689
|9 83398
|
| 610 |
1 |
|
|a задача Коши
|
| 610 |
1 |
|
|a решение
|
| 610 |
1 |
|
|a обыкновенные дифференциальные уравнения
|
| 610 |
1 |
|
|a матрицы
|
| 610 |
1 |
|
|a свойства
|
| 610 |
1 |
|
|a продольные колебания
|
| 610 |
1 |
|
|a исследование
|
| 610 |
1 |
|
|a схемы
|
| 610 |
1 |
|
|a динамические характеристики
|
| 610 |
1 |
|
|a демпфирование
|
| 610 |
1 |
|
|a думпкар
|
| 610 |
1 |
|
|a нагруженность
|
| 610 |
1 |
|
|a расчет
|
| 675 |
|
|
|a 621.01:531.3
|v 3
|
| 702 |
|
1 |
|a Ушкалов
|b В. Ф.
|g Виктор Федорович
|4 340
|
| 712 |
0 |
2 |
|a Академия наук Украинской ССР (АН УССР)
|b Институт технической механики
|c (Киев)
|c (1919-1929)
|2 stltpush
|3 (RuTPU)RU\TPU\col\11066
|
| 801 |
|
0 |
|a RU
|b RuMRKP
|c 19950704
|g psbo
|
| 801 |
|
1 |
|a RU
|b 63413507
|c 20150212
|
| 801 |
|
2 |
|a RU
|b 63413507
|c 20170823
|g RCR
|
| 942 |
|
|
|c BK
|